[Event "XXIX Miedzynarodowy Festiwal Szachowy CRACOVIA-2018 Grupa A"]
[Site "Krakow, Hotel Galaxy, ul. Gesia 22a"]
[Date "2018.12.30"]
[Round "5.22"]
[White "Paszewski, Mateusz"]
[Black "Chmiel, Marcin"]
[Result "1/2-1/2"]
[BlackElo "2247"]
[WhiteElo "2342"]
[LiveChessVersion "1.4.8"]

1. e4 {[%clk 1:30:58]} Nf6 {[%clk 1:30:29]} 2. e5 {[%clk 1:31:22]} Nd5
{[%clk 1:30:52]} 3. d4 {[%clk 1:31:48]} d6 {[%clk 1:31:14]} 4. c4
{[%clk 1:32:13]} Nb6 {[%clk 1:31:36]} 5. exd6 {[%clk 1:32:39]} exd6
{[%clk 1:31:56]} 6. Nc3 {[%clk 1:33:03]} Nc6 {[%clk 1:32:15]} 7. d5
{[%clk 1:28:31]} Ne5 {[%clk 1:32:36]} 8. f4 {[%clk 1:28:53]} Ned7
{[%clk 1:33:00]} 9. Nf3 {[%clk 1:27:53]} Be7 {[%clk 1:33:00]} 10. Be2
{[%clk 1:25:21]} O-O {[%clk 1:33:19]} 11. O-O {[%clk 1:25:44]} Bf6
{[%clk 1:33:25]} 12. Ne4 {[%clk 1:13:46]} Nc5 {[%clk 1:33:36]} 13. Nxc5
{[%clk 1:12:47]} dxc5 {[%clk 1:34:03]} 14. Qc2 {[%clk 1:13:08]} Re8
{[%clk 1:31:12]} 15. Bd3 {[%clk 1:12:32]} h6 {[%clk 1:31:10]} 16. Bd2
{[%clk 1:11:54]} c6 {[%clk 1:24:58]} 17. dxc6 {[%clk 0:51:24]} bxc6
{[%clk 1:22:35]} 18. Rad1 {[%clk 0:44:07]} Bg4 {[%clk 1:18:08]} 19. Bc3
{[%clk 0:38:53]} Bd4+ {[%clk 1:14:48]} 20. Bxd4 {[%clk 0:36:01]} cxd4
{[%clk 1:15:03]} 21. Bh7+ {[%clk 0:31:34]} Kh8 {[%clk 1:15:20]} 22. Rxd4
{[%clk 0:24:32]} Qf6 {[%clk 1:10:47]} 23. Ne5 {[%clk 0:24:45]} g6
{[%clk 0:59:55]} 24. Rd6 {[%clk 0:24:03]} Qf5 {[%clk 0:48:58]} 25. Qd2
{[%clk 0:16:15]} Kxh7 {[%clk 0:40:02]} 26. h3 {[%clk 0:16:41]} Nxc4
{[%clk 0:28:42]} 27. Nxc4 {[%clk 0:12:30]} Re2 {[%clk 0:28:12]} 28. Qd4
{[%clk 0:06:04]} c5 {[%clk 0:17:45]} 29. Qd5 {[%clk 0:02:12]} Qxd5
{[%clk 0:13:44]} 30. Rxd5 {[%clk 0:02:41]} Be6 {[%clk 0:13:12]} 31. Rxc5
{[%clk 0:03:10]} Rc2 {[%clk 0:13:00]} 32. b3 {[%clk 0:03:39]} Rd8
{[%clk 0:12:29]} 33. Rf2 {[%clk 0:02:02]} Rd1+ {[%clk 0:10:43]} 34. Rf1
{[%clk 0:02:31]} Rxf1+ {[%clk 0:10:22]} 35. Kxf1 {[%clk 0:03:00]} Rxa2
{[%clk 0:10:25]} 36. g4 {[%clk 0:02:01]} Rh2 {[%clk 0:07:16]} 37. f5
{[%clk 0:02:27]} gxf5 {[%clk 0:06:54]} 38. gxf5 {[%clk 0:02:56]} Bxc4+
{[%clk 0:06:56]} 39. bxc4 {[%clk 0:02:53]} Rxh3 {[%clk 0:06:08]} 40. Rc7
{[%clk 0:31:51]} Rf3+ {[%clk 0:35:10]} 41. Kg2 {[%clk 0:31:22]} Rxf5
{[%clk 0:33:18]} 42. Rxa7 {[%clk 0:31:09]} Kg6 {[%clk 0:33:09]} 43. Rc7
{[%clk 0:30:46]} Rf4 {[%clk 0:22:47]} 44. c5 {[%clk 0:29:06]} f5 {[%clk 0:20:41]}
45. Rc8 {[%clk 0:28:14]} Rc4 {[%clk 0:20:19]} 46. Kf3 {[%clk 0:25:47]} Kf6
{[%clk 0:08:50]} 47. c6 {[%clk 0:23:39]} Ke5 {[%clk 0:07:32]} 48. Re8+
{[%clk 0:23:49]} Kd6 {[%clk 0:07:24]} 49. Rf8 {[%clk 0:23:23]} Ke5
{[%clk 0:06:21]} 50. Re8+ {[%clk 0:23:50]} Kf6 {[%clk 0:05:35]} 51. Rc8
{[%clk 0:21:20]} Ke6 {[%clk 0:05:05]} 52. Rh8 {[%clk 0:19:29]} h5
{[%clk 0:05:06]} 53. Rxh5 {[%clk 0:17:30]} Ke5 {[%clk 0:05:24]} 54. Ke2
{[%clk 0:12:22]} Rc3 {[%clk 0:04:28]} 55. Rh4 {[%clk 0:08:34]} Kf6
{[%clk 0:03:52]} 56. Kd2 {[%clk 0:07:34]} Rc5 {[%clk 0:04:16]} 57. Kd3
{[%clk 0:07:56]} Ke5 {[%clk 0:03:56]} 58. Rc4 {[%clk 0:08:00]} Rxc4
{[%clk 0:03:50]} 1/2-1/2

[Event "XXIX Miedzynarodowy Festiwal Szachowy CRACOVIA-2018 Grupa A"]
[Site "Krakow, Hotel Galaxy, ul. Gesia 22a"]
[Date "2018.12.30"]
[Round "5.34"]
[White "Ojas, Kulkarni"]
[Black "Lis, Mateusz"]
[Result "1/2-1/2"]
[WhiteElo "2282"]
[BlackElo "2123"]
[PlyCount "41"]
[EventDate "2018.??.??"]

1. c4 e5 2. g3 g6 3. Bg2 Bg7 4. Nc3 Nc6 5. e4 d6 6. Nge2 Nge7 7. d3 O-O 8. O-O
h6 9. Be3 Nd4 10. Qd2 Kh7 11. f4 f5 12. Nd5 Nxe2+ 13. Qxe2 c6 14. Nxe7 Qxe7 15.
Qd2 Be6 16. Rac1 Rad8 17. b4 exf4 18. gxf4 c5 19. a3 b6 20. Rfe1 Qf7 21. exf5
1/2-1/2

[Event "XXIX Miedzynarodowy Festiwal Szachowy CRACOVIA-2018 Grupa A"]
[Site "Krakow, Hotel Galaxy, ul. Gesia 22a"]
[Date "2018.12.30"]
[Round "5.37"]
[White "Gombocz, Ferenc Jr"]
[Black "Domanski, Lukasz"]
[Result "1-0"]
[WhiteElo "2263"]
[BlackElo "2069"]
[PlyCount "49"]
[EventDate "2018.??.??"]

1. c4 e5 2. g3 d6 3. Nc3 f5 4. Bg2 Nf6 5. d3 Be7 6. e4 fxe4 7. dxe4 O-O 8. Nge2
c6 9. O-O Be6 10. b3 a6 11. h3 b5 12. cxb5 axb5 13. f4 Nbd7 14. f5 Bf7 15. Be3
Nb6 16. g4 d5 17. g5 Nh5 18. g6 hxg6 19. fxg6 Bxg6 20. Rxf8+ Bxf8 21. exd5 Nf4
22. dxc6 Qc7 23. Nxb5 Qc8 24. Nxf4 exf4 25. Bxb6 1-0

[Event "XXIX Miedzynarodowy Festiwal Szachowy CRACOVIA-2018 Grupa A"]
[Site "Krakow, Hotel Galaxy, ul. Gesia 22a"]
[Date "2018.12.30"]
[Round "5.45"]
[White "Gbyl, Andrzej"]
[Black "Pawlowski, Bartosz"]
[Result "0-1"]
[WhiteElo "2266"]
[BlackElo "2101"]
[PlyCount "54"]
[EventDate "2018.??.??"]

1. d4 Nf6 2. c4 e6 3. Nf3 b6 4. g3 Bb7 5. Bg2 d5 6. cxd5 exd5 7. O-O Bd6 8. Nc3
a6 9. Ne5 Nbd7 10. Bf4 O-O 11. Nxd7 Qxd7 12. Be5 Ne4 13. Nxe4 dxe4 14. Qc2 f5
15. Bxd6 Qxd6 16. Rfd1 Bd5 17. e3 c6 18. Bf1 b5 19. a4 g5 20. Qc5 Qd7 21. Ra3
f4 22. Be2 Qf7 23. gxf4 b4 24. Qxb4 gxf4 25. Kh1 f3 26. Rg1+ Kh8 27. Qd6 fxe2
0-1

[Event "XXIX Miedzynarodowy Festiwal Szachowy CRACOVIA-2018 Grupa A"]
[Site "Krakow, Hotel Galaxy, ul. Gesia 22a"]
[Date "2018.12.30"]
[Round "5.48"]
[White "Kumala, Aleksander"]
[Black "Dwilewicz, Katarzyna"]
[Result "0-1"]
[WhiteElo "2198"]
[BlackElo "2027"]
[PlyCount "40"]
[EventDate "2018.??.??"]

1. d4 d5 2. Nc3 Nf6 3. Bf4 a6 4. e3 e6 5. g4 c5 6. g5 Nfd7 7. Nf3 Nc6 8. h4 b5
9. Qd2 Bb7 10. h5 Rc8 11. Bh3 Na5 12. g6 hxg6 13. hxg6 f5 14. O-O-O Nc4 15. Qd3
Qa5 16. Rde1 Nxb2 17. Kxb2 c4 18. Qd2 Ba3+ 19. Ka1 Bb4 20. Nxb5 axb5 0-1

[Event "XXIX Miedzynarodowy Festiwal Szachowy CRACOVIA-2018 Grupa A"]
[Site "Krakow, Hotel Galaxy, ul. Gesia 22a"]
[Date "2018.12.30"]
[Round "5.56"]
[White "Jijo, Joy"]
[Black "Dmochowska, Agnieszka"]
[Result "1/2-1/2"]
[WhiteElo "1940"]
[BlackElo "2151"]
[PlyCount "51"]
[EventDate "2018.??.??"]

1. e4 e6 2. Nc3 d5 3. Nf3 Nf6 4. e5 Nfd7 5. d4 c5 6. dxc5 Nc6 7. Bf4 Nxc5 8.
Bd3 Be7 9. O-O O-O 10. Nb5 a6 11. Nbd4 f5 12. exf6 Bxf6 13. Nxc6 bxc6 14. Be5
Nd7 15. Qe2 c5 16. c3 Bb7 17. Rae1 Nxe5 18. Nxe5 Bxe5 19. Qxe5 Rf6 20. f4 Qb6
21. Kh1 Raf8 22. f5 exf5 23. Rxf5 g6 24. Rxf6 Qxf6 25. Qxf6 Rxf6 26. Re7
1/2-1/2

[Event "XXIX Miedzynarodowy Festiwal Szachowy CRACOVIA-2018 Grupa A"]
[Site "Krakow, Hotel Galaxy, ul. Gesia 22a"]
[Date "2018.??.??"]
[Round "5.25"]
[White "Kozak, Antoni"]
[Black "Naboka, Sergey"]
[Result "1/2-1/2"]
[WhiteElo "2236"]
[BlackElo "2324"]
[PlyCount "74"]
[EventDate "2018.??.??"]

1. d4 Nf6 2. Nf3 g6 3. c4 Bg7 4. e3 O-O 5. Be2 b6 6. Nc3 Bb7 7. Qc2 d5 8. O-O
Nbd7 9. Rd1 e6 10. b3 c5 11. cxd5 Nxd5 12. Nxd5 Bxd5 13. Bb2 Rc8 14. dxc5 Rxc5
15. Qd2 Bxb2 16. Qxb2 Qf6 17. Qd2 Ne5 18. Nxe5 Qxe5 19. Rac1 Rfc8 20. Rxc5 Rxc5
21. Rc1 Qc7 22. Rxc5 Qxc5 23. Bf3 Bxf3 24. gxf3 a5 25. Kg2 h5 26. h4 e5 27.
Qd8+ Kg7 28. Kg3 Qc6 29. Qd2 Qf6 30. e4 Kh7 31. f4 Kg7 32. fxe5 Qxe5+ 33. Qf4
Qa1 34. Kg2 Qd4 35. Kg3 Qa1 36. Kg2 Qd4 37. Kg3 Qa1 1/2-1/2

[Event "XXIX Miedzynarodowy Festiwal Szachowy CRACOVIA-2018 Grupa A"]
[Site "Krakow, Hotel Galaxy, ul. Gesia 22a"]
[Date "2018.??.??"]
[Round "5.26"]
[White "Godzwon, Iwo"]
[Black "Bus, Konrad"]
[Result "1/2-1/2"]
[WhiteElo "2323"]
[BlackElo "2221"]
[PlyCount "196"]
[EventDate "2018.??.??"]

1. d4 Nf6 2. c4 c5 3. d5 b5 4. cxb5 a6 5. e3 g6 6. Nc3 d6 7. Nf3 Bg7 8. e4 O-O
9. Bd3 axb5 10. Nxb5 Ba6 11. Nc3 Nbd7 12. Bxa6 Rxa6 13. Qe2 Qa8 14. O-O Nb6 15.
Bd2 Na4 16. b3 Nb6 17. a4 Rb8 18. Nb5 Ne8 19. Rab1 Qb7 20. h3 Raa8 21. Rfc1 Nd7
22. Qd3 Qa6 23. Bc3 Bh6 24. Rd1 f6 25. Qc2 Rb7 26. Ra1 Rab8 27. Rdb1 Nc7 28.
Na3 Rf8 29. Nh2 Ne5 30. Ng4 Nxg4 31. hxg4 Bf4 32. Nc4 Be5 33. f3 Rfb8 34. Na5
Bxc3 35. Qxc3 Rb6 36. Nc6 Re8 37. b4 cxb4 38. Rxb4 Ne6 39. a5 Rxb4 40. Nxb4
Qa7+ 41. Kh2 Ng5 42. Qd2 h5 43. gxh5 Kf7 44. a6 Rh8 45. Nc6 Rxh5+ 46. Kg3 Qd7
47. Qf4 Rh8 48. a7 Qb7 49. Rh1 Ra8 50. Qe3 Kg7 51. Qd3 Rxa7 52. Nxa7 Qxa7 53.
Rc1 Kf7 54. Qc3 Qa4 55. Qe3 Qb4 56. Rc7 Qa5 57. Ra7 Qb5 58. Qd4 Qf1 59. Qc3 Qe2
60. Rc7 Qa6 61. Rc8 Qf1 62. Ra8 Qe2 63. Qb4 Qe3 64. Rb8 Qe2 65. Rb7 Qe3 66. Rc7
Qe2 67. Qc3 Qf1 68. Qd2 Qa1 69. Rc1 Qa3 70. Qc3 Qa7 71. Qd3 Qa5 72. f4 Nxe4+
73. Kh2 f5 74. Qd4 Nf6 75. Rd1 Qa8 76. Kg1 Qa2 77. Qd2 Qb3 78. Qd3 Qb6+ 79. Kf1
Ng4 80. Qd4 Qb3 81. Rd3 Qb1+ 82. Ke2 Qh1 83. g3 Qg2+ 84. Ke1 Nf6 85. Qe3 Ne4
86. Qf3 Qg1+ 87. Ke2 Qc1 88. Qe3 Qc4 89. Ke1 Qa2 90. Qf3 Nf6 91. Qe2 Qb1+ 92.
Kf2 Qb6+ 93. Kg2 Qb5 94. Qf3 Ne4 95. g4 Qb2+ 96. Kg1 Qc1+ 97. Kg2 Qc2+ 98. Kg1
Qc1+ 1/2-1/2

[Event "XXIX Miedzynarodowy Festiwal Szachowy CRACOVIA-2018 Grupa A"]
[Site "Krakow, Hotel Galaxy, ul. Gesia 22a"]
[Date "2018.??.??"]
[Round "5.31"]
[White "Marusenko, Petr"]
[Black "Szpar, Milosz"]
[Result "0-1"]
[WhiteElo "2163"]
[BlackElo "2339"]
[PlyCount "106"]
[EventDate "2018.??.??"]

1. d4 Nf6 2. c4 e6 3. Nc3 Bb4 4. e3 O-O 5. Bd3 d5 6. Bd2 c5 7. Nf3 cxd4 8. exd4
dxc4 9. Bxc4 b6 10. a3 Be7 11. Qe2 Bb7 12. Rd1 Nc6 13. Bf4 Na5 14. Bd3 Rc8 15.
O-O Nd5 16. Qe4 g6 17. Nxd5 Qxd5 18. Qxd5 Bxd5 19. Rfe1 Bxf3 20. gxf3 Bf6 21.
Be5 Kg7 22. f4 Rfd8 23. Be4 Bxe5 24. fxe5 Nc4 25. b3 Nxa3 26. d5 exd5 27. Rxd5
Rxd5 28. Bxd5 Rd8 29. Be4 Nb5 30. Kg2 Rd4 31. Bc6 Nc7 32. Re3 Ne6 33. Rc3 Rb4
34. f3 g5 35. Kf2 Rh4 36. Kg3 Nd4 37. Kg2 Ne6 38. Re3 Rd4 39. Kf2 h5 40. Rc3
Rd2+ 41. Kg1 Re2 42. b4 Rxe5 43. b5 Nd4 44. Rd3 Nxb5 45. Rd7 Kf6 46. Kg2 Ke6
47. Rb7 Rc5 48. Bd7+ Kf6 49. Rb8 Nd6 50. Rh8 h4 51. f4 Rc2+ 52. Kg1 gxf4 53.
Rxh4 f3 {zapis nieczytelny} 0-1

[Event "XXIX Miedzynarodowy Festiwal Szachowy CRACOVIA-2018 Grupa A"]
[Site "Krakow, Hotel Galaxy, ul. Gesia 22a"]
[Date "2018.??.??"]
[Round "5.32"]
[White "Praczukowski, Stanislaw"]
[Black "Krishnater, Kushager"]
[Result "0-1"]
[WhiteElo "2155"]
[BlackElo "2305"]
[PlyCount "86"]
[EventDate "2018.??.??"]

1. d4 Nf6 2. c4 g6 3. Nf3 Bg7 4. g3 c5 5. d5 b5 6. cxb5 a6 7. bxa6 d6 8. Bg2
O-O 9. O-O Nbd7 10. Nc3 Nb6 11. e4 Bxa6 12. Re1 Nfd7 13. Bf4 Nc4 14. Qc2 Qa5
15. Bd2 Rfb8 16. Nd1 Nxd2 17. Nxd2 Ne5 18. Re3 Ng4 19. Ra3 Qxa3 20. bxa3 Bxa1
21. h3 Ne5 22. Nb3 Bd4 23. Kh2 Bb5 24. f4 Nd7 25. e5 Rxa3 26. e6 Nf6 27. Nxd4
cxd4 28. Qc7 Re8 29. Qb6 Ba4 30. Qb2 Rd3 31. Nf2 Rc3 32. Qb4 Rc2 33. Nd3 Rxa2
34. Nc1 Rc2 35. Qxa4 Rxc1 36. g4 Rec8 37. g5 Nh5 38. Qxd4 R1c2 39. f5 Ra2 40.
exf7+ Kxf7 41. Qe4 Rcc2 42. fxg6+ hxg6 43. Qe6+ Kf8 0-1

[Event "XXIX Miedzynarodowy Festiwal Szachowy CRACOVIA-2018 Grupa A"]
[Site "Krakow, Hotel Galaxy, ul. Gesia 22a"]
[Date "2018.??.??"]
[Round "5.33"]
[White "Eggink, Mateusz"]
[Black "Chomczyk, Marek"]
[Result "0-1"]
[WhiteElo "2138"]
[BlackElo "2294"]
[PlyCount "82"]
[EventDate "2018.??.??"]

1. c4 Nf6 2. Nc3 e5 3. Nf3 Nc6 4. a3 d5 5. cxd5 Nxd5 6. e3 Nxc3 7. bxc3 Bd6 8.
e4 O-O 9. Bc4 Qf6 10. O-O Bg4 11. Be2 Rad8 12. h3 Bc8 13. d3 h6 14. Be3 b6 15.
Qc2 Ne7 16. d4 Ng6 17. Nh2 c5 18. d5 Nf4 19. Bg4 Qg6 20. Bxf4 exf4 21. Bxc8
Rxc8 22. Rfe1 Rfe8 23. Nf3 Be5 24. Rad1 Qd6 25. a4 Rcd8 26. Nd2 Qf6 27. Rc1 Qg5
28. Rb1 Rd6 29. Kh1 Rg6 30. Rg1 Qf6 31. Rb3 c4 32. Nxc4 f3 33. Nxe5 Rxe5 34. c4
Rh5 35. Qc3 Rxg2 36. Rxg2 fxg2+ 37. Kxg2 Qg6+ 38. Kh2 Qxe4 39. a5 Rg5 40. Qf3
Qe5+ 41. Kh1 Qe1+ 0-1

[Event "XXIX Miedzynarodowy Festiwal Szachowy CRACOVIA-2018 Grupa A"]
[Site "Krakow, Hotel Galaxy, ul. Gesia 22a"]
[Date "2018.??.??"]
[Round "5.35"]
[White "Miroshnichenko, Pavel"]
[Black "Kubicka, Anna"]
[Result "1-0"]
[WhiteElo "2275"]
[BlackElo "2168"]
[PlyCount "111"]
[EventDate "2018.??.??"]

1. Nf3 d5 2. d4 Nf6 3. c4 e6 4. g3 dxc4 5. Qa4+ Nbd7 6. Bg2 a6 7. Qxc4 Be7 8.
Bf4 Nd5 9. Bd2 c5 10. Nc3 b5 11. Qb3 c4 12. Qc2 Bb7 13. O-O O-O 14. a3 Rc8 15.
e4 Nxc3 16. bxc3 Nb6 17. h4 h6 18. Ne5 Nd7 19. f4 Nxe5 20. fxe5 Qb6 21. Qd1 f5
22. exf6 Rxf6 23. Bf4 Rcf8 24. Qg4 Kh7 25. h5 Qc6 26. Rf2 e5 27. Bxe5 Bc8 28.
Rxf6 Rxf6 29. Qe2 Rf8 30. Bf4 Qd7 31. e5 Kh8 32. Bf3 Qh3 33. Qg2 Qf5 34. d5 Bg5
35. Be4 Qg4 36. Rf1 Bxf4 37. gxf4 Rxf4 38. Rxf4 Qxf4 39. e6 Qe3+ 40. Kh2 Qxc3
41. Qg6 Qd2+ 42. Kh3 Qe3+ 43. Kg4 Qg1+ 44. Kf5 Qf2+ 45. Ke5 Qh2+ 46. Kd4 Qf2+
47. Kc3 Qe3+ 48. Kc2 Qe2+ 49. Kc1 Qe3+ 50. Kb1 Qe1+ 51. Kc2 Qf2+ 52. Kb1 Qf1+
53. Ka2 Qf2+ 54. Bc2 Kg8 55. Qe8+ Qf8 56. Bh7+ 1-0

[Event "XXIX Miedzynarodowy Festiwal Szachowy CRACOVIA-2018 Grupa A"]
[Site "Krakow, Hotel Galaxy, ul. Gesia 22a"]
[Date "2018.??.??"]
[Round "5.36"]
[White "Sanz Wawer, Daniel"]
[Black "Zochowski, Kacper"]
[Result "0-1"]
[WhiteElo "2127"]
[BlackElo "2271"]
[PlyCount "69"]
[EventDate "2018.??.??"]

1. d4 Nf6 2. c4 g6 3. f3 d6 4. e4 e5 5. Bg5 exd4 6. Qxd4 Bg7 7. Nc3 h6 8. Be3
O-O 9. Qd2 Be6 10. O-O-O Kh7 11. g4 Nc6 12. g5 hxg5 13. Bxg5 Qd7 14. Kb1 Nh5
15. f4 f6 16. Bh4 Bh6 17. Nd5 Rae8 18. Ne2 Bg4 19. Bg2 Bxe2 20. Qxe2 Nxf4 21.
Nxf4 Bxf4 22. Bg3 Be5 23. Qd3 Qe6 24. Rc1 Kg7 25. h4 Bxg3 26. Qxg3 Qe5 27. Qb3
Rb8 28. h5 g5 29. h6+ Kh8 30. Rcf1 b5 31. c5 dxc5 32. Rf5 Qe7 33. Qc3 Ne5 34.
Rhf1 c4 35. Qa5 {zapis nieczytelny} 0-1

[Event "XXIX Miedzynarodowy Festiwal Szachowy CRACOVIA-2018 Grupa A"]
[Site "Krakow, Hotel Galaxy, ul. Gesia 22a"]
[Date "2018.??.??"]
[Round "5.41"]
[White "Mahitosh, Dey"]
[Black "Kasperek, Ryszard"]
[Result "1/2-1/2"]
[WhiteElo "1931"]
[BlackElo "2212"]
[PlyCount "55"]
[EventDate "2018.??.??"]

1. e4 c5 2. Nf3 e6 3. d4 cxd4 4. Nxd4 a6 5. Bd3 Bc5 6. Nb3 Be7 7. Qg4 g6 8. Qe2
d6 9. O-O Nd7 10. Nc3 b5 11. Be3 Bb7 12. a4 b4 13. Na2 a5 14. c3 bxc3 15. Nxc3
h5 16. Rad1 Ngf6 17. Bb5 Kf8 18. f3 h4 19. Bd4 Rh5 20. Rd2 Qc7 21. Rfd1 d5 22.
Bxd7 Nxd7 23. Nb5 Qf4 24. Be3 Qb8 25. Rc1 Ne5 26. Nc5 Bc6 27. exd5 exd5 28. b3
{zapis nieczytelny} 1/2-1/2

[Event "XXIX Miedzynarodowy Festiwal Szachowy CRACOVIA-2018 Grupa A"]
[Site "Krakow, Hotel Galaxy, ul. Gesia 22a"]
[Date "2018.??.??"]
[Round "5.49"]
[White "Flak, Pawel"]
[Black "Gokhale, Anupama"]
[Result "1-0"]
[WhiteElo "2195"]
[BlackElo "2009"]
[PlyCount "89"]
[EventDate "2018.??.??"]

1. d4 Nf6 2. c4 e6 3. Nf3 Bb4+ 4. Bd2 c5 5. g3 b6 6. Bg2 Bb7 7. O-O O-O 8. Bf4
cxd4 9. Nxd4 Bxg2 10. Kxg2 Nc6 11. Nxc6 dxc6 12. Qa4 Qe7 13. Qxc6 Rac8 14. Qb5
Bd6 15. Bxd6 Qxd6 16. Na3 Rc5 17. Qb3 Qe5 18. Rfe1 Ne4 19. Rad1 f5 20. f3 Nf6
21. e3 g5 22. Qc2 g4 23. f4 Qc7 24. Kg1 a5 25. Rd4 b5 26. Qd3 bxc4 27. Rxc4 Rc8
28. Rec1 Qe7 29. Qd4 Rxc4 30. Nxc4 Nd5 31. b3 a4 32. Rd1 axb3 33. axb3 Rb8 34.
Qe5 Ra8 35. e4 fxe4 36. Qxe4 Nc7 37. Re1 Qb4 38. Qe2 h5 39. Qe3 Rb8 40. f5 exf5
41. Qg5+ Kh8 42. Qxh5+ Kg8 43. Qg5+ Kh8 44. Re7 Qc5+ 45. Kf1 1-0

[Event "XXIX Miedzynarodowy Festiwal Szachowy CRACOVIA-2018 Grupa A"]
[Site "Krakow, Hotel Galaxy, ul. Gesia 22a"]
[Date "2018.??.??"]
[Round "5.52"]
[White "Antolak, Julia"]
[Black "Razumovskiy, Mikhail"]
[Result "0-1"]
[WhiteElo "2183"]
[BlackElo "1974"]
[PlyCount "86"]
[EventDate "2018.??.??"]

1. e4 c5 2. Nf3 d6 3. d4 cxd4 4. Nxd4 Nf6 5. Nc3 Nc6 6. Bg5 e6 7. Qd2 a6 8.
O-O-O h6 9. Be3 Bd7 10. f3 b5 11. Nxc6 Bxc6 12. Ne2 Qc7 13. Nd4 Bb7 14. Bd3 Nd7
15. g4 Ne5 16. h4 h5 17. g5 g6 18. Rhf1 d5 19. Kb1 Nc4 20. Bxc4 bxc4 21. exd5
Bxd5 22. Bf4 Bd6 23. Bxd6 Qxd6 24. f4 Rd8 25. f5 O-O 26. fxg6 fxg6 27. Rf6 Kh7
28. Nxe6 Rxf6 29. Nxd8 Rf5 30. Nb7 Qb6 31. Na5 Bf7 32. Nxc4 Bxc4 33. Qd7+ Rf7
34. Qe8 Qe6 35. Qd8 Bxa2+ 36. Ka1 Bc4 37. b3 Bb5 38. Rd6 Qe1+ 39. Ka2 Qc3 40.
Rd2 Bf1 41. Qd5 Qc7 42. c4 Bh3 43. c5 Rd7 0-1

[Event "XXIX Miedzynarodowy Festiwal Szachowy CRACOVIA-2018 Grupa A"]
[Site "Krakow, Hotel Galaxy, ul. Gesia 22a"]
[Date "2018.??.??"]
[Round "5.55"]
[White "Leiter, Thomas"]
[Black "Moscicka, Pola"]
[Result "1-0"]
[WhiteElo "2151"]
[BlackElo "1950"]
[PlyCount "105"]
[EventDate "2018.??.??"]

1. d4 Nf6 2. c4 c5 3. d5 e6 4. Nc3 exd5 5. cxd5 d6 6. e4 g6 7. f4 Bg7 8. Bb5+
Nfd7 9. Be2 O-O 10. Nf3 Na6 11. O-O Nc7 12. a4 a6 13. f5 Ne5 14. Kh1 Nxf3 15.
Rxf3 Rb8 16. Qf1 Ne8 17. Qf2 Qe7 18. Bd2 Bd4 19. Qg3 Nf6 20. Qh4 Re8 21. Bd3 c4
22. Bc2 Nd7 23. Qg3 Ne5 24. Rf4 f6 25. fxg6 hxg6 26. Ne2 Bc5 27. Raf1 Rf8 28.
Bc3 Kg7 29. Nd4 Bxd4 30. Bxd4 b5 31. a5 b4 32. h4 c3 33. Bd1 Bd7 34. Kg1 Kh7
35. R1f2 cxb2 36. Bxb2 Rb5 37. Qb3 Rxa5 38. Qxb4 Rb5 39. Qd4 a5 40. Bc3 Rc5 41.
Be2 a4 42. Bb4 Rc1+ 43. Kh2 Kg7 44. Qb2 Rcc8 45. Qa3 Rh8 46. Bxd6 Qe8 47. Be7
f5 48. Qd6 Nc4 49. Bxc4 Rxc4 50. Bf6+ Kg8 51. Bxh8 Kxh8 52. Qf6+ Kg8 53. e5 1-0

[Event "XXIX Miedzynarodowy Festiwal Szachowy CRACOVIA-2018 Grupa A"]
[Site "Krakow, Hotel Galaxy, ul. Gesia 22a"]
[Date "2018.??.??"]
[Round "5.60"]
[White "Om, Kharola"]
[Black "Wisniewski, Michal"]
[Result "1-0"]
[WhiteElo "2080"]
[BlackElo "2161"]
[PlyCount "68"]
[EventDate "2018.??.??"]

1. e4 d6 2. d4 Nf6 3. Nc3 g6 4. Nf3 Bg7 5. Bc4 O-O 6. Bb3 Bg4 7. h3 Bxf3 8.
Qxf3 Nbd7 9. Be3 c6 10. a4 e5 11. dxe5 dxe5 12. g4 Qe7 13. O-O-O Rad8 14. Rdg1
Nc5 15. Ba2 Ne6 16. h4 h5 17. gxh5 Nxh5 18. Bxe6 Qxe6 19. Bxa7 b5 20. axb5 cxb5
21. Nd5 Nf4 22. Bc5 Rfe8 23. Rd1 Bh6 24. Kb1 Ra8 25. Qb3 Qc6 26. Ba3 Kg7 27. f3
Reb8 28. Qb4 Rxa3 29. Qxa3 Ra8 30. Qb3 Ne6 31. Nb4 Qc7 32. Qd5 Qa5 33. Qa2 Nc5
34. Qxa5 Rxa5 1-0

[Event "XXIX Miedzynarodowy Festiwal Szachowy CRACOVIA-2018 Grupa A"]
[Site "Krakow, Hotel Galaxy, ul. Gesia 22a"]
[Date "2018.??.??"]
[Round "5.62"]
[White "Luba, Lukasz"]
[Black "Rasmussen, Jonas H"]
[Result "1-0"]
[WhiteElo "2135"]
[BlackElo "1982"]
[PlyCount "89"]
[EventDate "2018.??.??"]

1. d4 d5 2. c4 c6 3. Nc3 Nf6 4. cxd5 cxd5 5. Bf4 Nc6 6. e3 a6 7. a3 Bf5 8. Bd3
Bxd3 9. Qxd3 e6 10. b4 Nh5 11. Bg3 Nxg3 12. hxg3 h6 13. f4 Be7 14. Nf3 Rc8 15.
Kf2 b5 16. g4 Bd6 17. g5 f5 18. gxh6 Rxh6 19. Rxh6 gxh6 20. Nxd5 exd5 21. Qxf5
Ne7 22. Qh5+ Kd7 23. Qh3+ Ke8 24. Qxh6 Rc2+ 25. Kg1 Qc7 26. Kh2 Kd7 27. a4 Qc3
28. Re1 bxa4 29. Qh3+ Kc7 30. Qe6 Qxb4 31. Kg3 a3 32. Rh1 a2 33. Ne5 Bxe5 34.
Qxe5+ Kd7 35. Rh7 Qe1+ 36. Kh2 Qb4 37. Qf5+ Kd8 38. Rh8+ Kc7 39. Qxc2+ Qc4 40.
Qb2 Nc6 41. Rh7+ Kd6 42. Qb7 Nxd4 43. exd4 Qxd4 44. Rh6+ Kc5 45. Rc6# 1-0

[Event "XXIX Miedzynarodowy Festiwal Szachowy CRACOVIA-2018 Grupa A"]
[Site "Krakow, Hotel Galaxy, ul. Gesia 22a"]
[Date "2018.??.??"]
[Round "5.65"]
[White "Lomakin, Viktor"]
[Black "Swiech, Joanna"]
[Result "1-0"]
[WhiteElo "2106"]
[BlackElo "1965"]
[PlyCount "137"]
[EventDate "2018.??.??"]

1. d4 d5 2. Nf3 Nf6 3. e3 e6 4. Bd3 Bd6 5. b3 b6 6. Bb2 Bb7 7. c4 O-O 8. O-O c5
9. Nbd2 Nbd7 10. Ne5 Ne4 11. f4 f6 12. Nxd7 Qxd7 13. cxd5 exd5 14. Nxe4 dxe4
15. Bc4+ Kh8 16. dxc5 bxc5 17. Qe2 Rfd8 18. Rac1 Qe7 19. Rfd1 Bc7 20. Ba3 Bb6
21. h3 Rac8 22. Kh2 Ba5 23. Rxd8+ Rxd8 24. Rd1 Bb4 25. Bb2 Rd6 26. a3 Ba5 27.
Qh5 Rxd1 28. Qxd1 Bc6 29. Kg3 f5 30. Kh2 Qf8 31. Be5 Bd8 32. Be6 Be7 33. Qe2
Bf6 34. Qb2 Be7 35. Qc3 Be8 36. Qc4 Bg6 37. Qd5 h6 38. Qd7 a5 39. a4 Bh7 40.
Bc7 c4 41. Bxa5 cxb3 42. Bxb3 Bc5 43. Bd2 Bg8 44. Bxg8 Kxg8 45. Qd5+ Kh8 46. a5
Ba7 47. Kg3 Qc8 48. Qb3 Qd8 49. Qc2 Kh7 50. Kh2 Kh8 51. Qc3 Kh7 52. Bc1 Qb8 53.
Bb2 Qb7 54. a6 Qd7 55. Kg3 Bb6 56. Kf2 Kg6 57. g4 fxg4 58. hxg4 Kh7 59. Kg3 Qa7
60. Qe5 Bxe3 61. Qxe4+ Kh8 62. Qb7 Bxf4+ 63. Kxf4 Qf2+ 64. Ke4 Qe2+ 65. Kd5
Qd2+ 66. Kc6 Qc2+ 67. Kd7 Qd2+ 68. Kc8 Qc2+ 69. Kb8 1-0

[Event "XXIX Miedzynarodowy Festiwal Szachowy CRACOVIA-2018 Grupa A"]
[Site "Krakow, Hotel Galaxy, ul. Gesia 22a"]
[Date "2018.??.??"]
[Round "5.69"]
[White "Hemmerling, Jaroslaw"]
[Black "Golecki, Jan"]
[Result "1/2-1/2"]
[WhiteElo "1940"]
[BlackElo "2064"]
[PlyCount "80"]
[EventDate "2018.??.??"]

1. Nf3 d5 2. g3 c5 3. Bg2 Nc6 4. d4 Nf6 5. O-O e6 6. b3 b6 7. Bb2 Bb7 8. Nbd2
Be7 9. c4 O-O 10. cxd5 exd5 11. Rc1 Rc8 12. Bh3 Rc7 13. Re1 Ne4 14. Qc2 Nb4 15.
Qb1 Nxd2 16. Nxd2 Bg5 17. e3 Ba6 18. Bf1 Bxf1 19. Rxf1 Qe7 20. a3 Nc6 21. Nf3
Bf6 22. dxc5 bxc5 23. Rfd1 Rb8 24. Bxf6 Qxf6 25. Kg2 Ne7 26. Qc2 a5 27. e4 Rcb7
28. exd5 Rxb3 29. Nd2 Rb2 30. Qxc5 Rd8 31. Qxa5 Nxd5 32. Ne4 Rxf2+ 33. Kg1 Rg2+
34. Kh1 Rxh2+ 35. Kxh2 Qh6+ 36. Kg1 Qe3+ 37. Kg2 Qxe4+ 38. Kg1 Qe3+ 39. Kh2
Qf2+ 40. Kh1 Qf3+ 1/2-1/2

[Event "XXIX Miedzynarodowy Festiwal Szachowy CRACOVIA-2018 Grupa A"]
[Site "Krakow, Hotel Galaxy, ul. Gesia 22a"]
[Date "2018.??.??"]
[Round "5.70"]
[White "Patil, Mitali"]
[Black "Hetzer, Volkhard"]
[Result "1/2-1/2"]
[WhiteElo "2081"]
[BlackElo "1916"]
[PlyCount "93"]
[EventDate "2018.??.??"]

1. d4 d5 2. Nf3 Nf6 3. e3 c5 4. b3 g6 5. Bb2 Bg7 6. Nbd2 cxd4 7. exd4 O-O 8.
Bd3 Bg4 9. O-O Nc6 10. a3 Re8 11. Re1 e6 12. h3 Bxf3 13. Nxf3 Qd6 14. Qd2 Nd7
15. Rad1 Rad8 16. Bf1 Qc7 17. c4 Qb6 18. cxd5 exd5 19. b4 a6 20. Rxe8+ Rxe8 21.
Qg5 Nf6 22. Bd3 h6 23. Qf4 Qd8 24. Qc1 Ne4 25. Bxa6 Nxd4 26. Bxd4 bxa6 27. Bxg7
Kxg7 28. Qc6 Qa8 29. Qxa8 Rxa8 30. Rxd5 Nc3 31. Ra5 h5 32. Ne5 Re8 33. Nd3 Rd8
34. Nc5 h4 35. Rxa6 Rd1+ 36. Kh2 Rf1 37. Nd3 Rd1 38. Ne5 Ne4 39. Ng4 f5 40. Ne5
Nxf2 41. Rxg6+ Kh7 42. g3 Nd3 43. Rd6 Rd2+ 44. Kg1 Rd1+ 45. Kh2 Rd2+ 46. Kg1
Rd1+ 47. Kh2 1/2-1/2